[Event "Campodarsego op-B 17th"]
[Site "Campodarsego"]
[Date "2006.01.22"]
[Round "5"]
[White "Frascati, Francesco"]
[Black "Caverzan, Leonardo"]
[Result "0-1"]
[WhiteElo "1556"]
[BlackElo "1551"]
[PlyCount "80"]
[EventDate "2006.01.20"]
[EventType "swiss"]
[EventRounds "5"]
[EventCountry "ITA"]
[SourceTitle "EXT 2011"]
[Source "ChessBase"]
[SourceDate "2010.11.26"]
[SourceVersion "1"]
[SourceVersionDate "2010.11.26"]
[SourceQuality "1"]

1. d4 Nf6 2. Nf3 g6 3. g3 d6 4. Bg2 Bg7 5. 0-0 0-0 6. Nbd2 Nc6 7. c3 Bd7 8. Re1 Rb8 9. b3 e5 10. Bb2 Ne8 11. d5 Ne7 12. c4 f5 13. e4 a6 14. Qc2 Nf6 15. Rac1 b6 16. b4 Qc8 17. Ba1 Rd8 18. c5 fxe4 19. Nxe4 Bf5 20. Nxf6+ Bxf6 21. Qe2 Qb7 22. Nxe5 Bxe5 23. Bxe5 dxe5 24. Qxe5 Nc8 25. c6 Qa7 26. h3 Nd6 27. g4 Re8 28. Qb2 Be4 29. Bxe4 Rxe4 30. Qf6 Rf8 31. Qh4 b5 32. Rxe4 Nxe4 33. Rf1 Nd2 34. Qe7 Nxf1 35. Qe6+ Kg7 36. Qe7+ Rf7 37. Qe5+ Kh6 38. g5+ Kh5 39. Qe2+ Kxg5 40. Kxf1 Qd4 0-1

[Event "Padova op-A 5th"]
[Site "Padova"]
[Date "2002.12.22"]
[Round "6.22"]
[White "Tomio, Dante"]
[Black "Frascati, Francesco"]
[Result "1-0"]
[WhiteElo "1812"]
[BlackElo "1483"]
[PlyCount "59"]
[EventDate "2002.12.14"]
[EventType "swiss"]
[EventRounds "6"]
[EventCountry "ITA"]
[SourceTitle "EXT 2023"]
[Source "ChessBase"]
[SourceDate "2022.10.05"]
[SourceVersion "1"]
[SourceVersionDate "2022.10.05"]
[SourceQuality "1"]

1. d4 Nf6 2. Nf3 d6 3. c4 g6 4. Nc3 Bg7 5. e4 0-0 6. Be2 e5 7. d5 Nbd7 8. Bg5 h6 9. Bh4 Qe8 10. Qd2 a5 11. 0-0 Kh7 12. Ne1 Nc5 13. Qc2 c6 14. Rd1 cxd5 15. Nxd5 Nxd5 16. Rxd5 f5 17. Bg3 Qe6 18. f3 Bd7 19. Qd2 Rfd8 20. Rxd6 Qe7 21. Bf2 b6 22. Rxb6 Be6 23. Qe3 Na4 24. Rb5 Rd4 25. b3 Nb2 26. Qc3 Nd1 27. Bxd1 Rxd1 28. Rxa5 Rad8 29. Ra7 Qe8 30. Bg3 1-0

[Event "Veneto-ch qf 62nd"]
[Site "Arqua Petrarca"]
[Date "2002.05.05"]
[Round "2.19"]
[White "Mocellin, Gianfranco"]
[Black "Frascati, Francesco"]
[Result "0-1"]
[WhiteElo "1675"]
[BlackElo "1450"]
[PlyCount "60"]
[EventDate "2002.05.04"]
[EventType "swiss"]
[EventRounds "6"]
[EventCountry "ITA"]
[SourceTitle "EXT 2024"]
[Source "ChessBase"]
[SourceDate "2023.10.10"]
[SourceVersion "1"]
[SourceVersionDate "2023.10.10"]
[SourceQuality "1"]

1. g3 e5 2. Bg2 Nf6 3. c4 g6 4. Nc3 c6 5. d3 Bg7 6. Nf3 d6 7. 0-0 Nbd7 8. Bg5 h6 9. Be3 Ng4 10. Bd2 0-0 11. Qc1 Kh7 12. h3 Ngf6 13. Nh2 a5 14. g4 Ng8 15. f4 Nc5 16. Be3 Bd7 17. Rb1 Qc8 18. Rf3 f5 19. gxf5 Bxf5 20. Bxc5 dxc5 21. Na4 e4 22. dxe4 Bxe4 23. Nb6 Qf5 24. Nxa8 Bxb1 25. Nb6 Be4 26. Rf2 Bxg2 27. Kxg2 Qe4+ 28. Kg3 Bd4 29. Rg2 Be3 30. Qf1 Bxf4+ 0-1

[Event "Padova op 4th"]
[Site "Padova"]
[Date "2001.12.15"]
[Round "1"]
[White "Sartori, Spartaco"]
[Black "Frascati, Francesco"]
[Result "1-0"]
[WhiteElo "2250"]
[BlackElo "1576"]
[PlyCount "51"]
[EventDate "2001.12.15"]
[EventType "swiss"]
[EventRounds "6"]
[EventCountry "ITA"]
[SourceTitle "EXT 2024"]
[Source "ChessBase"]
[SourceDate "2023.10.10"]
[SourceVersion "1"]
[SourceVersionDate "2023.10.10"]
[SourceQuality "1"]

1. c4 Nf6 2. Nc3 g6 3. e4 e5 4. Nf3 d6 5. d4 Nbd7 6. Bg5 Bg7 7. d5 0-0 8. Nd2 a6 9. Be2 b6 10. 0-0 Bb7 11. b4 Rc8 12. a4 Qe8 13. a5 h6 14. Be3 bxa5 15. Rxa5 Rb8 16. c5 Bc8 17. Qa4 Nxe4 18. Ndxe4 f5 19. cxd6 fxe4 20. dxc7 Rb7 21. d6 Nf6 22. Qxe8 Rxe8 23. Bxa6 Ra7 24. Bxc8 Rxa5 25. Bb6 Ra8 26. Bb7 1-0